Normal view
MARC view
Entry Personal Name
001 - CONTROL NUMBER
- control field: 84395
003 - CONTROL NUMBER IDENTIFIER
- control field: dpl
005 - DATE AND TIME OF LATEST TRANSACTION
- control field: 20250827124705.0
008 - FIXED-LENGTH DATA ELEMENTS
- fixed length control field: 250827|| aca||aabn | a|a d
040 ## - CATALOGING SOURCE
- Original cataloging agency: dpl
- Transcribing agency: dpl
100 ## - HEADING--PERSONAL NAME
- Personal name: शर्मा, प्रेमलाल
670 ## - SOURCE DATA FOUND
- Source citation: Work cat.: (dpl)209895: शर्मा, प्रेमलाल, स्वदेशी चिकित्सा सार/, 2024
